000 00824cam a22002651 4500
999 _c9081
_d9081
001 9081
003 BD-JhCC
005 20180315094012.0
008 720509s1965 xx 000 0 eng
035 _a(BD-JhCC)9081
040 _aDLC
_cOU
_dOCoLC
_dCaSRU
_dDLC
_dBD-JhCC
041 _aeng
050 0 0 _aPS3509.L43
_bZ685 1965
082 _bJON 1965
_a812.52
100 1 _aJones, David Edwards,
_d1924-
245 1 4 _aThe plays of T. S. Eliot /
_bby David E. Jones.
260 _aToronto,
_bUniversity of Toronto Press
_c[1965, c1960]
300 _axiv, 242 p.
_c22 cm.
500 _a"First published as a paperback, 1965."
504 _aBibliography: p. 221-238.
600 1 0 _aEliot, T. S.
_q(Thomas Stearns),
_d1888-1965
_xDramatic works.
650 _aCriticism and interpretation
942 _2ddc
_cBK